Statistics for Lyric Quiz - Doomsday by Architects

Click here to take the quiz!

General Stats

  • This quiz has been taken 46 times
  • The average score is 218 of 289

Answer Stats

Answer% Correct
I
100%
a
97%
do
97%
the
94%
The
94%
doomsday
92%
brand
89%
is
89%
it's
89%
It's
89%
my
89%
new
89%
when
89%
be
86%
like
86%
no
86%
No
86%
What
86%
what
86%
you
86%
You
86%
hell
83%
say
83%
they
83%
They
83%
an
81%
But
81%
but
81%
die
81%
frozen
81%
good
81%
in
81%
not
81%
over?
81%
over
81%
Remember
81%
skin
81%
way
81%
will
81%
young
81%
And
78%
can
78%
done
78%
enough
78%
had
78%
me
78%
never
78%
underneath
78%
all
75%
All
75%
around
75%
burns
75%
give
75%
head
75%
night
75%
nothing
75%
rising
75%
Still
75%
still
75%
to
75%
cold
72%
sea,
72%
water
72%
Every
69%
Heaven
69%
into
69%
death
67%
flows
67%
for
67%
gives
67%
left
67%
river
67%
saying
67%
there
67%
was
67%
use
64%
matter
61%
said
61%
shed
61%
tears
61%
these
61%
through
61%
cheated
58%
have
58%
away
56%
fade
56%
now
56%
Now
56%
this
56%
'Cause
53%
'cause
53%
forget
53%
forget?
53%
I've
53%
only
53%
spread
53%
Yeah,
53%
yeah
53%
if
50%
lost,
50%
saw
50%
sky
50%
stars
50%
wildfire
50%
door
47%
flame
47%
open
47%
out
47%
sometimes
47%
there's
47%
brighter
42%
don't
42%
embers
42%
glow
42%
I'm
42%
live
42%
swimming
42%
bend
39%
break,
39%
Maybe
39%
sober
39%
dry
36%
Souls
36%
accept?
33%
prophets
33%
rebuild,
33%
run
33%
well
33%
Words
33%
completely
31%
gold
28%

Score Distribution

Percentile by Number Answered

Percent of People with Each Score

Your Score History

You have not taken this quiz